000 01090cam a2200229 a 4500
001 000006918
005 20200929154023.0
008 750404s1969 pr b 000 0 spa d
040 _aDO-SdBNP
_cNAlU
_dOCoLC
_dNNerI
_dDLC
_dBNPHU
042 _apremarc
082 _aPR860.44
_aL776
111 1 _aLitetatura Puertoriqueña,
_cPuerto Rico
_919181
245 1 0 _aLiteratura puertorriqueña :
_b21 conferencias.
260 _aSan Juan de Puerto Rico :
_bInstituto de Cultura Puertorriqueña,
_c1969.
300 _a616 p. ;
_c22 cm.
500 _a"Este tomo recoge las disertaciones ... pronunciadas por literatos, investigadores y criticos puertorriquenos en la Biblioteca General de la Universidad de Puerto Rico y en el Instituto de Cultura Puertorriquena, durante el periodo comprendido entre el 15 de noviembre de 1957 y el 20 de junio de 1958."
504 _aIncluye notas y referencias bibliográficas al pie de las páginas
650 4 _aLiteratura puertorriqueña
_9250
650 4 _aLiteratura puertorriqueña
_xConfrencias
_919182
910 _aCatalogación derivada
049 _aBNGR
999 _c6703
_d6703